| 000 | 00506nam a2200181Ia 4500 | ||
|---|---|---|---|
| 999 |
_c2407 _d2407 |
||
| 003 | OSt | ||
| 005 | 20200928100128.0 | ||
| 008 | 190216s9999||||xx |||||||||||||| ||und|| | ||
| 020 | _a0702010391 | ||
| 040 | _coclc | ||
| 082 |
_a574.192 _bOTT/B |
||
| 100 |
_aOttaway, J H _95037 |
||
| 245 | 0 |
_aBiochemistry / _cJ H Ottaway ; D K Apps |
|
| 250 | _a4th Ed. | ||
| 260 |
_bThe English Language Book Society, _c1984. |
||
| 300 | _a300p | ||
| 942 |
_cBK _2ddc _h574.192 _iOTT/B _k574.192 _mOTT/B |
||